000 01227cam a22003134a 4500
001 13301087
005 20210709161801.0
008 030805s2004 nyua bf 001 0 eng
010 _a 2003061440
020 _a0071364730 (acidfree paper)
040 _aDLC
_cDLC
_dDLC
042 _apcc
050 0 0 _aTA151
_b.S8 2004
082 0 0 _a624
_bRIC
245 0 0 _aStandard handbook for civil engineers /
_ceditors, Jonathan T. Ricketts, M. Kent Loftin, Frederick S. Merritt.
250 _a5th ed.
260 _aNew York :
_bMcGraw-Hill,
_cc2004.
300 _a1 v. (various pagings) :
_bill. ;
_c25 cm.
504 _aIncludes bibliographical references and index.
650 0 _aCivil engineering
_vHandbooks, manuals, etc.
_924733
700 1 _aRicketts, Jonathan T.
_942296
700 1 _aLoftin, M. Kent.
_942295
700 1 _aMerritt, Frederick S.
_926167
856 4 2 _3Contributor biographical information
_uhttp://www.loc.gov/catdir/bios/mh041/2003061440.html
856 4 1 _3Table of contents
_uhttp://www.loc.gov/catdir/toc/mh041/2003061440.html
856 4 2 _3Publisher description
_uhttp://www.loc.gov/catdir/description/mh041/2003061440.html
906 _bcbc
_corignew
_d2
_eocip
_f20
_gy-gencatlg
942 _2ddc
_cBK
999 _c585857
_d585857